University Home | Library Home | Institutional Repository

Concepts in biology / (Record no. 138794)

MARC details
000 -LEADER
fixed length control field 00713cam4a220025300 4500
001 - CONTROL NUMBER
control field lce00433130
008 - FIXED-LENGTH DATA ELEMENTS--GENERAL INFORMATION
fixed length control field 790423s1979 iaua b 001 0 eng
010 ## - LIBRARY OF CONGRESS CONTROL NUMBER
LC control number 78059903
020 ## - INTERNATIONAL STANDARD BOOK NUMBER
International Standard Book Number 0697045625
035 ## - SYSTEM CONTROL NUMBER
System control number (Sirsi) r53756
035 ## - SYSTEM CONTROL NUMBER
System control number (DLC) 78059903
035 ## - SYSTEM CONTROL NUMBER
System control number (UPRA)lce00433130
050 0# - LIBRARY OF CONGRESS CALL NUMBER
Classification number QH308.2
Item number .C66 1979
082 ## - DEWEY DECIMAL CLASSIFICATION NUMBER
Classification number 574
245 00 - TITLE STATEMENT
Title Concepts in biology /
Statement of responsibility, etc. Eldon D. Enger ... [et al.].
250 ## - EDITION STATEMENT
Edition statement 2d ed.
260 ## - PUBLICATION, DISTRIBUTION, ETC.
Place of publication, distribution, etc. Dubuque, Iowa :
Name of publisher, distributor, etc. W. C. Brown Co.,
Date of publication, distribution, etc. c1979.
500 ## - GENERAL NOTE
General note Includes index.
504 ## - BIBLIOGRAPHY, ETC. NOTE
Bibliography, etc. note Bibliography: p. 506.
650 #0 - SUBJECT ADDED ENTRY--TOPICAL TERM
Topical term or geographic name entry element Biology.
Linkage S245.1
700 1# - ADDED ENTRY--PERSONAL NAME
Personal name Enger, Eldon D.
Linkage A12513.1
949 ## - LOCAL PROCESSING INFORMATION (OCLC)
a QH308.2
w lcc
i -68893
m MAIN
t BOOK
l ON-SHELF

No items available.

© 2026 - The University of Zambia Library - Koha v25.11